[Event "Moscow ol (Men)"]
[Site "Moscow"]
[Date "1994.??.??"]
[Round "12"]
[White "Chernin, Alexander"]
[Black "Akopian, Vladimir"]
[Result "1/2-1/2"]
[WhiteElo "2615"]
[BlackElo "2630"]

1.d4 d5 2.c4 c6 3.Nf3 Nf6 4.Nc3 dxc4 5.a4 Bf5 6.Ne5 e6 7.f3 Bb4 8.e4 Bxe4
9.fxe4 Nxe4 10.Bd2 Qxd4 11.Nxe4 Qxe4+ 12.Qe2 Bxd2+ 13.Kxd2 Qd5+ 14.Kc2 Na6
15.Nxc4 O-O-O 16.Qe5 f6 17.Qe3 Kb8 18.Be2 e5 19.g4 Qe6 20.b3 Rd4 21.Rad1 c5
22.Kb2 Rhd8 23.g5 Nb4 24.gxf6 gxf6 25.Rhf1 Qe7 26.Qf3 Nd5 27.Qg3 a6 28.a5 Ka7
29.Qf2 Nf4 30.Qe3 Nd5 31.Qf2 Nf4 32.Qe3 Nd5  1/2-1/2

[Event "Moscow ol (Men)"]
[Site "Moscow"]
[Date "1994.??.??"]
[Round "14"]
[White "Hakulinen, Esko Matti"]
[Black "Dridi, Ali"]
[Result "1/2-1/2"]
[WhiteElo "2350"]
[BlackElo "2270"]

1.d4 d5 2.Nf3 Nf6 3.c4 c6 4.Nc3 dxc4 5.a4 Bf5 6.e3 e6 7.Bxc4 Bb4 8.O-O O-O
9.Qb3 Qe7 10.Nh4 Bg4 11.f3 Bh5 12.g4 Bg6 13.e4 a5 14.Ng2 e5 15.Be3 exd4 16.Bxd4 Bc5
17.Rad1 Na6 18.Kh1 Bxd4 19.Rxd4 Nc5 20.Qc2 Rad8 21.Rfd1 Rxd4 22.Rxd4 Rd8
23.Qd1 Rxd4 24.Qxd4 Nfd7 25.Ne3 h5 26.h3 hxg4 27.hxg4 Qe5 28.Qxe5 Nxe5 29.Kg2 Kf8
30.Ba2 Ncd3 31.Kg3 Nxb2 32.f4 Ned3 33.e5 Bh7 34.Bb1 g5 35.fxg5 Bg6 36.Nf5 Nxe5
37.Kf4 Nbd3+ 38.Bxd3 Nxd3+ 39.Ke4 Nc5+ 40.Ke5 Nd7+ 41.Kd6 Nb6 42.Ne3 Bd3
43.Kc7 Nd5+ 44.Ncxd5 cxd5 45.Nxd5 Kg7 46.Kb6 Be4 47.Nf4 f6 48.gxf6+ Kxf6
49.Kxa5 Bc6 50.Nh3 Bd7 51.Nf2 b6+ 52.Kb4 Kg5 53.Ne4+ Kf4 54.Nf2 Kg3 55.Ne4+ Kf4
56.g5 Kxe4 57.g6 Kf5 58.g7 Be6 59.Kb5 Kf6 60.g8=Q Bxg8 61.Kxb6  1/2-1/2

[Event "Moscow ol (Men)"]
[Site "Moscow"]
[Date "1994.??.??"]
[Round "14"]
[White "Garcia, Raul"]
[Black "Hsu Li Yang"]
[Result "1-0"]
[WhiteElo "2280"]
[BlackElo "2460"]

1.d4 Nf6 2.Nf3 d5 3.c4 c6 4.Nc3 dxc4 5.a4 Bf5 6.e3 e6 7.Bxc4 Bb4 8.O-O Nbd7
9.Qe2 O-O 10.e4 Bg6 11.e5 Nd5 12.Ne4 Re8 13.Rd1 a5 14.Bg5 Qb8 15.Nh4 Nf8
16.Nxg6 Nxg6 17.Qg4 b5 18.Bb3 Bf8 19.h4 Rc8 20.h5 Nge7 21.Nd6 Rc7 22.axb5 Nc8
23.Bxd5 cxd5 24.Ne8 Rc4 25.Nxg7 Qxe5 26.Bf6 Qe4 27.f4 Ne7 28.Re1 Qd3 29.Nxe6+ Ng6
30.Nxf8  1-0

[Event "JUG-chT"]
[Site "Nis"]
[Date "1994.??.??"]
[Round "?"]
[White "Jovanovski, Vasko"]
[Black "Misailovic, Nebojsa"]
[Result "0-1"]
[WhiteElo "2250"]
[BlackElo "2405"]

1.Nf3 d5 2.d4 Nf6 3.c4 c6 4.Nc3 dxc4 5.a4 Bf5 6.Ne5 Nd5 7.Nxc4 Nd7 8.f3 e5
9.Nxd5 cxd5 10.Nxe5 Nxe5 11.dxe5 Rc8 12.e3 Bb4+ 13.Bd2 O-O 14.a5 Rc2 15.Bc3 Rxb2
16.Qd4 Qe7 17.Rd1 Qh4+ 18.Qxh4 Bxc3+ 19.Rd2 Rxd2  0-1

[Event "NLD-chT9495"]
[Site "?"]
[Date "1994.??.??"]
[Round "3"]
[White "Scheeren, Peter"]
[Black "De Boer, Gert Jan"]
[Result "1-0"]
[WhiteElo "2435"]
[BlackElo "2435"]

1.d4 d5 2.c4 c6 3.Nf3 Nf6 4.Nc3 dxc4 5.a4 Bf5 6.e3 e6 7.Bxc4 Bb4 8.O-O Nbd7
9.Qe2 Bg6 10.e4 Bxc3 11.bxc3 Nxe4 12.Ba3 Qc7 13.Bb3 O-O-O 14.c4 Rhe8 15.Qe3 Kb8
16.a5 Nd6 17.a6 Nf5 18.Qc3 b6 19.Ba4 Bh5 20.Bb2 f6 21.Rfe1 Re7 22.Bc2 Bg6
23.c5 Ree8 24.Qb3 Ne7 25.Bxg6 Nxg6 26.Rxe6 Rxe6 27.Qxe6 Ndf8 28.Qe4 b5 29.Bc3 Qd7
30.Re1 Rc8 31.Ba5 Qf7 32.h4 Qa2 33.Bd2 Qxa6 34.h5 Nh8 35.Bf4+ Ka8 36.d5 Nd7
37.Qe7 Qb7 38.Re6 g5 39.dxc6 Rxc6 40.Rxc6 Qxc6 41.Nd4  1-0

[Event "BCF-ch"]
[Site "Norwich"]
[Date "1994.??.??"]
[Round "6"]
[White "Lodhi, Mahmood"]
[Black "Summerscale, Aaron"]
[Result "1/2-1/2"]
[WhiteElo "2475"]
[BlackElo "2410"]

1.d4 d5 2.c4 c6 3.Nc3 Nf6 4.Nf3 dxc4 5.a4 Bf5 6.e3 e6 7.Bxc4 Bb4 8.O-O Nbd7
9.Qb3 a5 10.Na2 Be7 11.Qxb7 Rb8 12.Qa6 Ra8 13.Qb7  1/2-1/2

[Event "BCF-ch"]
[Site "Norwich"]
[Date "1994.??.??"]
[Round "8"]
[White "Ward, Christopher"]
[Black "Summerscale, Aaron"]
[Result "1-0"]
[WhiteElo "2495"]
[BlackElo "2410"]

1.d4 d5 2.c4 c6 3.Nc3 Nf6 4.Nf3 dxc4 5.a4 Bf5 6.Ne5 e6 7.f3 Bb4 8.e4 Bxe4
9.fxe4 Nxe4 10.Bd2 Qxd4 11.Nxe4 Qxe4+ 12.Qe2 Bxd2+ 13.Kxd2 Qd5+ 14.Kc3 O-O
15.Qe3 f6 16.Nxc4 b5 17.Nd2 Nd7 18.Be2 Rab8 19.Bf3 Qd6 20.Kc2 Nb6 21.Rhe1 e5
22.axb5 cxb5 23.Rxa7 Rfc8+ 24.Kb1 Nc4 25.Nxc4 bxc4 26.Qa3 Qd4 27.Rd1 Rxb2+
28.Kc1 Qf2 29.Rxg7+ Kxg7 30.Qxb2 Qe3+ 31.Kc2 Rc7 32.Qc3 Qf2+ 33.Rd2 Qg1 34.h4 Qc5
35.Kd1 Ra7 36.Ke2 e4 37.Bxe4 Re7 38.Rd4 Qe5 39.Kf2 f5 40.Bf3 Kg6 41.Rxc4  1-0

[Event "HUN-ch U20"]
[Site "Paks"]
[Date "1994.??.??"]
[Round "?"]
[White "Szirti, Almos"]
[Black "Varga, Peter"]
[Result "0-1"]
[WhiteElo "2195"]
[BlackElo "2330"]

1.Nf3 d5 2.d4 Nf6 3.c4 c6 4.Nc3 dxc4 5.a4 Bf5 6.e3 e6 7.Bxc4 Bb4 8.O-O O-O
9.Qe2 Bg4 10.h3 Bxf3 11.Qxf3 Nbd7 12.Rd1 Qc7 13.Na2 Bd6 14.Bd2 e5 15.Rac1 Nb6
16.dxe5 Bxe5 17.b3 Nxc4 18.Rxc4 Rfd8 19.b4 Qe7 20.a5 Qe6 21.Qe2 a6 22.Nc3 Bxc3
23.Rxc3 Qa2 24.Rd3 h6 25.Kf1 Rxd3 26.Qxd3 Qd5 27.Qxd5 Nxd5 28.e4 Nf6 29.f3 Rd8
30.Ke2 Kf8 31.Be3 Rxd1 32.Kxd1 Ke7 33.Kd2 Ke6 34.Kd3 Nd7 35.f4 f5 36.exf5+ Kxf5
37.g4+ Ke6 38.Bd4 g5 39.f5+ Kd5 40.Kc3 Ke4 41.Kc4 h5 42.f6 h4 43.f7 Kf4 44.Bg7 Kg3
45.f8=Q Nxf8 46.Bxf8 Kxh3 47.Kc5 Kxg4 48.Kb6 h3 49.Bd6 Kf3 50.Kxb7 g4 51.Kxa6 g3
52.Kb7 h2 53.a6 h1=Q 54.a7 Qh7+ 55.Kb8 Qg8+ 56.Kb7 Qf7+ 57.Kb8 Qe8+ 58.Kb7 Qd7+
59.Bc7 g2 60.a8=Q g1=Q 61.Qf8+ Ke2 62.Qf4 Qd5 63.Be5 Qb5+  0-1

[Event "HUN-ch U14"]
[Site "Paks"]
[Date "1994.??.??"]
[Round "9"]
[White "Deak, Ferenc"]
[Black "Acs, Peter"]
[Result "1/2-1/2"]
[WhiteElo "2015"]
[BlackElo "2215"]

1.d4 d5 2.c4 c6 3.Nf3 Nf6 4.Nc3 dxc4 5.a4 Bf5 6.e3 e6 7.Bxc4 Bb4 8.O-O Nbd7
9.Qb3 Qb6 10.Bd2 Bd6 11.Qd1 Qc7 12.Re1 Nb6 13.Bb3 Nbd5 14.h3 O-O 15.Rc1 Nxc3
16.bxc3 Ne4 17.Ra1 Qe7 18.Bc2 Rac8 19.Qb1 Nxd2 20.Nxd2 Bxc2 21.Qxc2 c5 22.Qb3 Rc7
23.Ne4 Rfc8 24.Reb1 cxd4 25.cxd4 b6 26.Qb5 Rc2 27.Nxd6 Qxd6 28.a5 g6 29.axb6 axb6
30.g3 h5 31.h4 Qb8 32.e4 Qb7 33.d5 exd5 34.Qxd5 Qc7 35.Qb5 Rd8 36.Qg5 Rdd2
37.Qf6 Qc6 38.Rxb6 Qxf6 39.Rxf6 Kg7 40.Rf4 Rc7 41.Ra6 Re7 42.Kf1 Rd4  1/2-1/2

[Event "Pardubice op2"]
[Site "Pardubice"]
[Date "1994.??.??"]
[Round "5"]
[White "Vondracek, Milan"]
[Black "Aichmaier, D."]
[Result "1-0"]
[WhiteElo "2045"]
[BlackElo "1900"]

1.d4 d5 2.c4 c6 3.Nf3 Nf6 4.Nc3 dxc4 5.a4 Bf5 6.Bf4 e6 7.e3 Bb4 8.Bxc4 O-O
9.O-O Nbd7 10.Ne5 Nd5 11.Nxd5 cxd5 12.Bd3 Bxd3 13.Nxd3 Be7 14.Qb3 Qb6 15.Qb5 Qxb5
16.axb5 Rfc8 17.Rfc1 Rxc1+ 18.Rxc1 Bd8 19.Bc7 Be7 20.Ba5 Bd6 21.Bc7 Be7 22.Bg3 Bd8
23.Kf1 f6 24.Bc7 Be7 25.Ba5 Bd6 26.Bb4 Bxb4 27.Nxb4 Rf8 28.Rc7 Rf7 29.Rxb7 Nb6
30.Rb8+ Rf8 31.Rxf8+ Kxf8 32.Nc6 Nc8 33.Ke2 Ke8 34.Kd3 Kd7 35.Kc3 Kc7 36.Kb4 a6
37.Na5 axb5 38.Kxb5 Nd6+ 39.Ka6 e5 40.b4 exd4 41.exd4 h5 42.Nb3 g5 43.Nc5 Kc6
44.Ne6 h4 45.b5+ Kd7 46.Nc5+ Kc7 47.b6+ Kc6 48.b7 Nxb7 49.Nxb7 g4 50.Nc5  1-0

[Event "Paris op"]
[Site "Paris"]
[Date "1994.??.??"]
[Round "2"]
[White "Legky, Nikolay A"]
[Black "Wagner, Claude"]
[Result "1-0"]
[WhiteElo "2525"]
[BlackElo "2330"]

1.d4 d5 2.c4 c6 3.Nf3 Nf6 4.Nc3 dxc4 5.a4 Bf5 6.Nh4 Bg6 7.Nxg6 hxg6 8.e3 e6
9.Bxc4 Bb4 10.O-O Nbd7 11.h3 Qc7 12.Qe2 g5 13.f3 Nh5 14.Ne4 Ndf6 15.Rd1 Ng3
16.Nxg3 Qxg3 17.Qf2 Qxf2+ 18.Kxf2 Nd5 19.e4 Nf4 20.g3 Ng6 21.Kg2 Be7 22.d5 O-O-O
23.Be3 exd5 24.exd5 Ne5 25.Ba2 Kb8 26.dxc6 bxc6 27.Bd4 Bf6 28.Bc3 Rhe8 29.Ba5 Rd3
30.Re1 Rh8 31.Rad1 Bd8 32.Bc3  1-0

[Event "Peristeri"]
[Site "Peristeri"]
[Date "1994.??.??"]
[Round "1"]
[White "Kotronias, Vasilios"]
[Black "Frendzas, Panayotis"]
[Result "1-0"]
[WhiteElo "2545"]
[BlackElo "2380"]

1.d4 Nf6 2.c4 c6 3.Nc3 d5 4.Nf3 dxc4 5.a4 Bf5 6.e3 e6 7.Bxc4 Bb4 8.O-O Nbd7
9.Qe2 Bg6 10.e4 O-O 11.Bd3 Bh5 12.Bf4 Re8 13.e5 Nd5 14.Nxd5 cxd5 15.Rfc1 a6
16.Qc2 Bxf3 17.gxf3 Nf8 18.Qb3 Qb6 19.Be3 Rec8 20.Rc2 Ba5 21.Qxb6 Bxb6 22.a5 Rxc2
23.Bxc2 Bd8 24.f4 Rc8 25.Bd3 Be7 26.f5 Nd7 27.f4 g6 28.f6 Bb4 29.Ra4 Bf8
30.Kf2 Nb8 31.Bd2 Nc6 32.Ke3 h5 33.Be2 Bh6 34.Kd3 Kf8 35.Bf3 Ke8 36.f5 Bxd2
37.Kxd2 exf5 38.Bxd5 Rd8 39.Bxc6+ bxc6 40.Ke3 Rb8 41.Rc4 Kd7 42.b4 Rb5 43.h4 Rb7
44.Kf4 Rb8 45.Kg5 Rh8 46.Rc5 Rb8 47.Kh6  1-0

[Event "PER-sf"]
[Site "Peru"]
[Date "1994.??.??"]
[Round "7"]
[White "Miguel, Fernando"]
[Black "Gonzales, Manuel"]
[Result "1/2-1/2"]
[WhiteElo "2270"]
[BlackElo "2290"]

1.d4 d5 2.c4 c6 3.Nf3 Nf6 4.Nc3 dxc4 5.a4 Bf5 6.Ne5 e6 7.f3 Bb4 8.Nxc4 Nbd7
9.e4 Bg6 10.Be3 O-O 11.Be2 Qc7 12.O-O Nb6 13.Qb3 Nxc4 14.Qxc4 a5 15.Rfd1 Nd7
16.Bf1 Rfe8 17.Rac1 Rad8 18.Kh1 Qb8 19.Ne2 f6 20.Qc2 Bf7 21.Nc3 Bd6 22.Qf2 Bf4
23.Bc4 Bxe3 24.Qxe3 Qd6 25.e5 fxe5 26.Ne4 Qe7 27.Ng5 exd4 28.Rxd4 Nf8 29.Re4 h6
30.Nxf7 Qxf7 31.h3 Qf6 32.b3 Rd7 33.Re1 Kh8 34.f4 Rde7 35.Qc5 Ng6 36.g3 Qf5
37.Qxf5 exf5 38.Rxe7 Rxe7 39.Rd1 h5 40.Rd6 Kh7 41.Be6 Nf8 42.Bxf5+ g6 43.Bd3 Kg7
44.Kg2 Rd7 45.Rxd7+ Nxd7 46.Kf3 Nc5 47.Bc2 Kf6 48.Ke3 b5 49.axb5 cxb5 50.Kd4 Ne6+
51.Kd5 h4 52.gxh4 Nxf4+ 53.Kc5 a4 54.b4 a3 55.Bb3 Nd3+ 56.Kxb5 Nc1 57.Kc4 a2
58.Bxa2 Nxa2 59.b5 Ke6 60.b6 Kd6 61.b7 Kc7 62.Kd4 Nc1  1/2-1/2

[Event "World op"]
[Site "Philadelphia"]
[Date "1994.??.??"]
[Round "?"]
[White "Adianto, Utut"]
[Black "Herndl, Harald"]
[Result "1-0"]
[WhiteElo "2535"]
[BlackElo "2310"]

1.d4 d5 2.Nf3 Nf6 3.c4 c6 4.Nc3 dxc4 5.a4 Bf5 6.Ne5 e6 7.f3 Bb4 8.Nxc4 c5
9.dxc5 Qxd1+ 10.Kxd1 O-O 11.e4 Bg6 12.Be3 Na6 13.c6 bxc6 14.Ne5 Nb8 15.h4 Bd6
16.Nc4 Bg3 17.Ne2 Bc7 18.g4 h5 19.g5 Nfd7 20.Rg1 Na6 21.Nf4 Nb4 22.a5 Rfd8
23.Ke2 Ne5 24.Nxe5 Bxe5 25.Nxg6 fxg6 26.Bh3 Kf7 27.Rad1 Bc7 28.Rxd8 Rxd8
29.Bxa7 Nd3 30.Be3 Bxa5 31.Ra1 Bc7 32.Ra7 Rd7 33.Rxc7 Nc1+ 34.Bxc1 Rxc7 35.Kd3 Ra7
36.Bf1  1-0

[Event "CRO-ch"]
[Site "Porec"]
[Date "1994.??.??"]
[Round "?"]
[White "Lazovic, Gordan"]
[Black "Golubovic, Boris"]
[Result "1-0"]
[WhiteElo "2305"]
[BlackElo "2370"]

1.d4 d5 2.c4 c6 3.Nf3 Nf6 4.Nc3 dxc4 5.a4 Bf5 6.e3 e6 7.Bxc4 Bb4 8.O-O Nbd7
9.Qe2 Bg6 10.e4 O-O 11.e5 Nd5 12.Nxd5 cxd5 13.Bd3 a6 14.Bf4 Nb8 15.Qe3 Be7
16.Rfd1 Nc6 17.Bg5 Nxd4 18.Nxd4 Bxg5 19.f4 Be7 20.f5 Bg5 21.Qg3 exf5 22.Nxf5 d4
23.Kh1 Bxf5 24.Bxf5 g6 25.Be4 Rb8 26.Ra3 Be7 27.Rf3 b5 28.e6 fxe6 29.Bxg6 Rxf3
30.gxf3 Kh8 31.Rg1 Bh4 32.Qf4 Rb7 33.Bf7 Bg5 34.Qe5+ Bf6 35.Qxf6+  1-0

[Event "Portoroz op"]
[Site "Portoroz"]
[Date "1994.??.??"]
[Round "?"]
[White "Rusjan, Miran"]
[Black "Crepan, Marjan"]
[Result "0-1"]
[WhiteElo "2040"]
[BlackElo "2300"]

1.d4 d5 2.c4 c6 3.Nf3 Nf6 4.Nc3 dxc4 5.a4 Bf5 6.e3 e6 7.Bxc4 Bb4 8.O-O Nbd7
9.Nh4 Bg4 10.Qb3 a5 11.h3 Nd5 12.hxg4 Qxh4 13.e4 N5f6 14.f3 h5 15.g5 Ng4
16.fxg4 hxg4 17.Ne2 Be1  0-1

[Event "Praha Mladi"]
[Site "Prague"]
[Date "1994.??.??"]
[Round "3"]
[White "Ioseliani, Nana"]
[Black "Meduna, Eduard"]
[Result "1/2-1/2"]
[WhiteElo "2435"]
[BlackElo "2485"]

1.d4 d5 2.Nf3 Nf6 3.c4 c6 4.Nc3 dxc4 5.a4 Bf5 6.e3 e6 7.Bxc4 Nbd7 8.O-O Bb4
9.Qe2 O-O 10.e4 Bg6 11.Bd3 Bh5 12.e5 Nd5 13.Ne4 Be7  1/2-1/2

[Event "Bohemians"]
[Site "Prague"]
[Date "1994.??.??"]
[Round "4"]
[White "Orsag, Milan"]
[Black "Trichkov, Vasil"]
[Result "1-0"]
[WhiteElo "2385"]
[BlackElo "2415"]

1.d4 d5 2.c4 c6 3.Nf3 Nf6 4.Nc3 dxc4 5.a4 Bf5 6.e3 e6 7.a5 Bd3 8.Bxd3 cxd3
9.Qb3 Qc8 10.O-O Na6 11.e4 Bb4 12.e5 Nd5 13.Ne4 Qc7 14.Qxd3 h6 15.Bd2 Rd8
16.Rfc1 O-O 17.Bxb4 Ndxb4 18.Qd2 Qe7 19.Ra3 Nd5 20.Rb3 Rd7 21.h3 Rb8 22.Nh2 f5
23.Nd6 Ndc7 24.Rxb7 Rxb7 25.Nxb7 Ne8 26.Nd6 Nxd6 27.exd6 Qxd6 28.Nf3 c5 29.Qe2 cxd4
30.Rc8+ Kh7 31.Ng5+ Kg6 32.Nxe6 Re7 33.Nf4+ Kh7 34.Qxe7 Qxe7 35.Rh8+ Kxh8
36.Ng6+ Kh7 37.Nxe7 Nb4 38.Nxf5 d3 39.Kf1 Nc6 40.a6 Nb4 41.Ne7 Nxa6 42.Nc6 Nc5
43.Nxa7 d2 44.Ke2 Nd3 45.Kxd2 Nxb2 46.Nc8 Na4 47.Ne7 Nc5 48.Ke3 g6 49.Kd4 Nd7
50.Kd5 Kg7 51.Kd6 Nf6 52.f3 Kf7 53.Nd5 Nh5 54.g4 Ng3 55.Nc3 g5 56.Ke5 Nf1
57.Ne4 Ne3 58.Nd6+ Kg6 59.Ke4 Ng2 60.Nc4 Kf6 61.Nb6 Kg6 62.Nd5 h5 63.Ne7+ Kf6
64.Nf5 Nf4 65.Ng3 hxg4 66.hxg4 Kg6 67.Nf5 Nh3 68.Ke5 Ng1 69.Nd4 Nh3 70.Ne2 Nf2
71.Nc1 Nh3 72.Nd3 Ng1 73.Ke4 Ne2 74.Kd5 Kf6 75.Nc5 Ng1 76.Nd7+ Ke7 77.Ne5 Kf6
78.Kd6 Nh3 79.Nd7+ Kg6 80.Ke7 Kg7 81.Ke6 Kh6 82.Ne5 Nf4+ 83.Kf5 Nd5 84.Nf7+ Kg7
85.Nxg5 Ne3+ 86.Ke4 Nc4 87.f4 Nd6+ 88.Kd5 Ne8 89.Ne4 Nc7+ 90.Ke5 Na6 91.f5 Nb4
92.Nc5 Nc6+ 93.Kd6 Nb4 94.g5 Nc2 95.Ke7 Ne3 96.Ke6 Ng2 97.Nd3 Nh4 98.Ne5 Kg8
99.g6 Ng2 100.f6 Nf4+ 101.Kf5 Nd5 102.Nd7 Kh8 103.Ke5 Ne3 104.f7 Ng4+ 105.Kf4  1-0

[Event "Rishon Le Ziyyon"]
[Site "Rishon Le Ziyyon"]
[Date "1994.??.??"]
[Round "10"]
[White "Kanstler, Boris"]
[Black "Chernin, Alexander"]
[Result "1/2-1/2"]
[WhiteElo "2430"]
[BlackElo "2615"]

1.d4 d5 2.c4 c6 3.Nf3 Nf6 4.Nc3 dxc4 5.a4 Bf5 6.e3 e6 7.Bxc4 Bb4 8.O-O Nbd7
9.Nh4 Bg4 10.f3 Bh5 11.g4 Bg6 12.e4 Ng8  1/2-1/2

[Event "ROM-chT"]
[Site "ROM"]
[Date "1994.??.??"]
[Round "?"]
[White "Olteanu, Gabriela"]
[Black "Jicman, Ligia"]
[Result "0-1"]
[WhiteElo "2055"]
[BlackElo "2185"]

1.d4 d5 2.c4 c6 3.Nc3 Nf6 4.Nf3 dxc4 5.a4 Bf5 6.e3 e6 7.Bxc4 Bb4 8.O-O Nbd7
9.Nh4 O-O 10.f3 Bg6 11.Qb3 a5 12.Nxg6 hxg6 13.Na2 Be7 14.e4 Nb6 15.Be3 Nxc4
16.Qxc4 Rc8 17.Qb3 Qc7 18.Rac1 Qb8 19.Nc3 Rfd8 20.Rfd1 Rd7 21.g3 Rcd8 22.Kg2 Qa7
23.Ne2 Qa6 24.Kf2 Bb4 25.Qc2 Ne8 26.b3 Nc7 27.Kg2 c5 28.dxc5 Bd2 29.Kf2 Bxc1
30.Rxc1 Qc6 31.Qc4 Na6 32.Kg2 Nb4 33.Nd4 Qc7 34.Rc3 Qe5 35.Ne2 Rd3 36.Rxd3 Rxd3
37.Bf4 Qb2 38.Kf2 Rd2 39.c6 bxc6  0-1

[Event "Sarospatak op"]
[Site "Sarospatak"]
[Date "1994.??.??"]
[Round "?"]
[White "Krizsany, Laszlo"]
[Black "Priehoda, Vitezslav"]
[Result "1-0"]
[WhiteElo "2385"]
[BlackElo "2400"]

1.d4 d5 2.c4 c6 3.Nc3 Nf6 4.Nf3 dxc4 5.a4 Bf5 6.e3 e6 7.Bxc4 Nbd7 8.O-O Bb4
9.Nh4 Bg6 10.Qb3 Qb6 11.f3 Be7 12.Rd1 Nd5 13.Nxg6 hxg6 14.e4 Qxb3 15.Bxb3 Nb4
16.Be3 a5 17.Rac1 O-O 18.Nb1 Rfd8 19.Na3 e5 20.d5 cxd5 21.exd5 Nf6 22.Bb6 Rd7
23.Nb5 Nbxd5 24.Nc7 Nxc7 25.Rxd7 Nxd7 26.Rxc7 Rd8 27.Bxa5 Bc5+ 28.Kf1 b6
29.Bc3 Kf8 30.Bc4 Ke7 31.Bb5 Kd6 32.Rb7 f6 33.a5 bxa5 34.Bxa5 Rb8 35.Bc7+  1-0

[Event "Sarospatak op"]
[Site "Sarospatak"]
[Date "1994.??.??"]
[Round "?"]
[White "Ballai, Zsolt"]
[Black "Varga, Peter"]
[Result "1-0"]
[WhiteElo "2225"]
[BlackElo "2330"]

1.d4 d5 2.c4 c6 3.Nf3 Nf6 4.Nc3 dxc4 5.a4 Bf5 6.Ne5 e6 7.f3 Bb4 8.e4 Bg6
9.Bxc4 Nbd7 10.Nxd7 Nxd7 11.O-O O-O 12.Be3 Kh8 13.Qb3 Qb6 14.Na2 Bd6 15.Qxb6 axb6
16.Nc3 Rfd8 17.h3 h6 18.f4 Re8 19.Rae1 Bh7 20.f5 exf5 21.exf5 Bg8 22.Bd2 Bb4
23.Rxe8 Rxe8 24.Re1 Nf6 25.Rxe8 Nxe8 26.Bf4 Bd6 27.Be3 f6 28.Bxg8 Kxg8 29.Kf2 Kf7
30.Kf3 Ke7 31.Ne4 Bc7 32.g4 Bh2 33.Kg2 Bb8 34.Kf3 Nc7 35.h4 Nd5 36.Bd2 Bh2
37.Nc3 Kd6 38.Kg2 Bf4 39.Nxd5 Bxd2 40.Nxb6 Be1 41.Kf3 Bxh4 42.Ke4 Bf2 43.Nc4+ Kd7
44.b3 Bg1 45.Nb2 Ke7 46.Nd3 b6 47.d5  1-0

[Event "SCO-ch"]
[Site "SCO"]
[Date "1994.??.??"]
[Round "?"]
[White "Muir, Andrew J"]
[Black "Beaton, Kenneth S"]
[Result "1/2-1/2"]
[WhiteElo "2340"]
[BlackElo "2115"]

1.d4 d5 2.c4 c6 3.Nf3 Nf6 4.Nc3 dxc4 5.a4 Bf5 6.e3 e6 7.Bxc4 Bb4 8.O-O Nbd7
9.Nh4 Bg6 10.f3 O-O 11.Nxg6 hxg6 12.e4 e5 13.Be3 Qa5 14.Qc2 exd4 15.Bxd4 Rad8
16.Rfd1 Ne5 17.Ne2 Nxc4 18.Qxc4 Nd7 19.Kh1 Nb6 20.Qb3 c5 21.Bc3 Rxd1+ 22.Qxd1 Nc4
23.Qb3 Nb6 24.Nf4 Rd8 25.Nd5 Nxd5 26.exd5 Bxc3 27.bxc3 c4 28.Qxc4  1/2-1/2

[Event "St Petersburg op"]
[Site "St Petersburg"]
[Date "1994.??.??"]
[Round "7"]
[White "Novik, Maxim"]
[Black "Kavalerov, Aleksandr"]
[Result "1/2-1/2"]
[WhiteElo "2480"]
[BlackElo "2325"]

1.d4 d5 2.c4 c6 3.Nf3 Nf6 4.Nc3 dxc4 5.a4 Bf5 6.e3 e6 7.Bxc4 Bb4 8.O-O Nbd7
9.Qe2 Bg6 10.e4 O-O 11.Bd3 Bh5 12.e5 Nd5 13.Ne4 Be7 14.a5 Rc8 15.Ng3 Bg6
16.Bxg6 fxg6 17.Ne4 Rf5 18.Bd2 Nb8 19.Ne1 c5 20.dxc5 Bxc5 21.Qb5 Qd7 22.Qxd7 Nxd7
23.Rc1 Rxe5 24.Nxc5 Rxc5 25.Nd3 Rxc1 26.Rxc1 Rf5 27.f3 Rf8 28.Kf1 h6 29.Ke2 a6
30.Rc4 g5 31.Rc2 Rd8 32.b4 Kf7 33.Nf2 Ne5 34.Ne4 Nc6 35.Rc4  1/2-1/2

[Event "St Petersburg op"]
[Site "St Petersburg"]
[Date "1994.??.??"]
[Round "9"]
[White "Tunik, Gennady"]
[Black "Kavalerov, Aleksandr"]
[Result "0-1"]
[WhiteElo "2430"]
[BlackElo "2325"]

1.d4 d5 2.c4 c6 3.Nc3 Nf6 4.Nf3 dxc4 5.a4 Bf5 6.e3 e6 7.Bxc4 Bb4 8.O-O Nbd7
9.Nh4 Bg6 10.g3 a5 11.Qe2 O-O 12.Nxg6 hxg6 13.Rd1 Qe7 14.e4 e5 15.d5 Nb6
16.Bb3 cxd5 17.Nxd5 Nfxd5 18.Bxd5 Nxd5 19.Rxd5 Rfd8 20.Rb5 Bc5 21.h4 Bd4
22.Bg5 f6 23.Be3 Bxe3 24.Qxe3 Kh7 25.Qb3 Rd7 26.Rc1 Rad8 27.Rxa5 Rd3 28.Rc3 Rd1+
29.Kg2 Qd7 30.Re3 Qc8 31.Qc3 Qg4 32.Rb5 g5 33.Rd5 R8xd5 34.exd5 gxh4 35.Qc2+ f5
36.d6 e4 37.Qe2 Qxe2 38.Rxe2 hxg3 39.Kxg3 Kg6 40.b4 Rxd6 41.a5 Rd3+ 42.Re3 Rd5
43.Rc3 Kf6 44.Rc5 Re5 45.Kf4 g5+ 46.Ke3 f4+ 47.Ke2 Ke6 48.Rc4 e3 49.f3 Rd5
50.Rc2 Ke5 51.Rc7 Rd2+ 52.Ke1 g4  0-1

[Event "Rilton Cup9495"]
[Site "Stockholm"]
[Date "1994.??.??"]
[Round "3"]
[White "Bellon Lopez, Juan Manuel"]
[Black "Axelsson, Henrik"]
[Result "1-0"]
[WhiteElo "2480"]
[BlackElo "2135"]

1.d4 d5 2.c4 c6 3.Nf3 Nf6 4.Nc3 dxc4 5.a4 Bf5 6.Ne5 c5 7.d5 e6 8.e4 Nxe4
9.Bxc4 Nd6 10.dxe6 fxe6 11.Bb5+ Nxb5 12.Qxd8+ Kxd8 13.Nxb5 Rg8 14.Bg5+ Kc8
15.Rd1 Nc6 16.Rd7 Be7 17.Rc7+ Kd8 18.Nxc6+  1-0

[Event "SWZ-chT"]
[Site "SWZ"]
[Date "1994.??.??"]
[Round "4"]
[White "Cvitan, Ognjen"]
[Black "Franzoni, Giancarlo"]
[Result "1/2-1/2"]
[WhiteElo "2575"]
[BlackElo "2445"]

1.Nf3 Nf6 2.c4 c6 3.d4 d5 4.Nc3 dxc4 5.a4 Bf5 6.e3 e6 7.Bxc4 Bb4 8.O-O Nbd7
9.Qe2 Bg4 10.Rd1 O-O 11.h3 Bxf3 12.Qxf3 Qa5 13.Bd2 e5 14.Ba2 exd4 15.exd4 Nb6
16.Re1 Rfe8 17.Bb3 Rad8 18.g4 Nfd5 19.g5 Rf8 20.h4 f6 21.g6 hxg6 22.Qg4 f5
23.Qxg6 Rd6 24.Qg3 Rdf6 25.Kh1 f4 26.Qg4 Bxc3 27.bxc3 Qa6 28.Rg1 R6f7 29.Bc2 Nd7
30.Rae1 N7f6 31.Qg6 Qc4 32.Bf5 Ne7 33.Rxe7 Rxe7 34.Bxf4 Qxc3 35.Be5 Qf3+
36.Rg2 Qh5 37.Bd6 Re1+ 38.Kh2 Qxh4+ 39.Bh3 Rh1+ 40.Kxh1 Qxh3+ 41.Kg1 Rf7
42.Be5 Qh7 43.Qg5 Qb1+ 44.Kh2 Qh7+ 45.Kg1 Qb1+ 46.Kh2 Qh7+  1/2-1/2

[Event "SWZ-chT"]
[Site "SWZ"]
[Date "1994.??.??"]
[Round "5"]
[White "Castagna, Renzo"]
[Black "Sherwin, James T"]
[Result "1/2-1/2"]
[WhiteElo "2205"]
[BlackElo "2265"]

1.d4 Nf6 2.Nf3 d5 3.c4 c6 4.Nc3 dxc4 5.a4 Bf5 6.e3 e6 7.Bxc4 Bb4 8.O-O Nbd7
9.Qe2 Bg6 10.h3 O-O 11.Rd1 Qe7 12.Bd2 Rfd8 13.Be1 a5 14.Rac1 h6 15.Nb1 Bd6
16.Bc3 Ne4 17.Nbd2 Nxc3 18.Rxc3 e5 19.Nf1 Bh5 20.dxe5 Nxe5 21.Ba2 Nxf3+ 22.gxf3 Qg5+
23.Kh1 Qh4 24.Kg2 Qxa4 25.Bb3 Qb4 26.Rd4 Qb6 27.Rh4 Bg6 28.Rg4 Bf5 29.f4 Bb4
30.Rc1 Be4+ 31.Kh2 Bd5 32.Bc2 Kf8 33.Ng3 Be6 34.f5 Rd2 35.Qf3 Bd5 36.Be4 Bd6
37.Bxd5 Qxb2 38.Rf1 cxd5 39.Kg2 Bxg3 40.Qxg3 Qf6 41.Rc1 h5 42.Rh4  1/2-1/2

[Event "SWZ-chT"]
[Site "SWZ"]
[Date "1994.??.??"]
[Round "8"]
[White "Weindl, Alfred"]
[Black "Sherwin, James T"]
[Result "1-0"]
[WhiteElo "2360"]
[BlackElo "2265"]

1.d4 d5 2.c4 c6 3.Nc3 Nf6 4.Nf3 dxc4 5.a4 Bf5 6.e3 e6 7.Bxc4 Bb4 8.O-O Nbd7
9.Qb3 Qb6 10.Nh4 O-O 11.Rd1 Ne4 12.Nxe4 Bxe4 13.Bxe6 Nf6 14.Bc4 h6 15.Nf3 Bxf3
16.gxf3 Qa5 17.Be2 Rad8 18.Qc2 Qg5+ 19.Kh1 Qh4 20.Rg1 Qxf2 21.Rg2 Qe1+ 22.Rg1 Qf2
23.Rg2 Qe1+ 24.Rg1 Qh4 25.Bc4 Kh8 26.Qg2 Ne8 27.b3 Qe7 28.Ra2 f5 29.Qh3 Rd6
30.Rag2 a6 31.Bd3 Qd7 32.Bb2 Rf7 33.Qh4 a5 34.e4 Rxd4 35.Bc4 Rf6 36.Bxd4 Qxd4
37.Qh5 Qe5 38.Rg6 Be7 39.Rxh6+ gxh6 40.Qxe8+ Rf8 41.Rg8+  1-0

[Event "Tastrup"]
[Site "Tastrup"]
[Date "1994.??.??"]
[Round "7"]
[White "Clausen, Steen"]
[Black "Bang, Andreas"]
[Result "1/2-1/2"]
[WhiteElo "2275"]
[BlackElo "2310"]

1.d4 d5 2.Nf3 Nf6 3.c4 c6 4.Nc3 dxc4 5.a4 Bf5 6.e3 e6 7.Bxc4 Bb4 8.O-O O-O
9.Qe2 Bg6 10.Ne5 Nbd7 11.Nxg6 hxg6 12.Rd1 Qa5 13.Bd2 Rfd8 14.Be1 c5 15.d5 exd5
16.Nxd5 Bxe1 17.Nxf6+ gxf6 18.Qxe1 Qxe1+ 19.Rxe1 Ne5 20.Be2 Rd7 21.b3 Rad8
22.Rad1 b6 23.Kf1 Nc6 24.Rxd7 Rxd7 25.Rb1 Kf8  1/2-1/2

[Event "Tel Aviv ASA"]
[Site "Tel Aviv"]
[Date "1994.??.??"]
[Round "5"]
[White "Davies, Nigel R"]
[Black "Shvidler, Eliahu"]
[Result "1/2-1/2"]
[WhiteElo "2525"]
[BlackElo "2420"]

1.d4 d5 2.c4 c6 3.Nf3 Nf6 4.Nc3 dxc4 5.a4 Bf5 6.e3 e6 7.Bxc4 Bb4 8.O-O Nbd7
9.Qe2 Bg4 10.Rd1 Qa5 11.Bd2 O-O 12.h3 Bxf3 13.Qxf3 e5 14.Be1 Rad8 15.Ba2 exd4
16.Rxd4 Ne5 17.Qe2 Rxd4 18.exd4 Ng6 19.Bd2 Ne7 20.Ne4 Ned5 21.Nxf6+ Nxf6
22.Be3 Nd5 23.Bb3 Re8 24.Qf3 Nf6 25.Rd1 Rd8 26.g3 Be7 27.Kg2 Qb4 28.Rd3 Nd5
29.Bf4  1/2-1/2